Macroeconomics

Αποθηκεύτηκε σε:
Λεπτομέρειες βιβλιογραφικής εγγραφής
Κύριος συγγραφέας: Dornbusch, Rudiger
Άλλοι συγγραφείς: Fischer, Stanley
Μορφή: Βιβλίο
Γλώσσα:English
Δημοσίευση: New York : McGraw-Hill, c1994
Έκδοση:6th ed.
Θέματα:
Ετικέτες: Προσθήκη ετικέτας
Δεν υπάρχουν, Καταχωρήστε ετικέτα πρώτοι!

MARC

LEADER 00000cam a2200000 i 4500
001 1/31997
008 000620s1994 eng d
020 |a 0-07-112590-6 
035 |l 10023681 
040 |a GR-MY-UA  |b gre 
041 0 |a eng 
082 0 |a 339 
100 1 |a Dornbusch, Rudiger. 
245 1 0 |a Macroeconomics 
250 |a 6th ed. 
260 |a New York :   |b McGraw-Hill,   |c c1994 
300 |a xxi, 672 p. (in various paging) 
504 |a Includes bibliographical references and index 
650 0 0 |a Macroeconomics. 
700 1 |a Fischer, Stanley. 
852 |a INST  |b CHIOS  |e 20000620  |h 339 DOR  |p 005200003316  |q 005200003316  |t BK  |y 0 
909 |a Χ  |b 031287 
922 |a 2ΕΛΗ  |b 199310  |c ΑΛΕΞΑΚΗΣ 
970 |a ΣΑΛΑΜΟΥΡΑ  |b ΜΑΡΙΑ  |z 2000/06/20